Catálogo

Vista normal Vista MARC

Entrada Personal Name

Número de registros utilizados en: 2

001 - CONTROL NUMBER

  • control field: 8368

003 - CONTROL NUMBER IDENTIFIER

  • control field: DLC

005 - DATE AND TIME OF LATEST TRANSACTION

  • control field: 20181107160640.0

008 - FIXED-LENGTH DATA ELEMENTS

  • fixed length control field: 010927n| azannaabn |a aaa

010 ## - LIBRARY OF CONGRESS CONTROL NUMBER

  • LC control number: n 2001087796

035 ## - SYSTEM CONTROL NUMBER

  • System control number: (OCoLC)oca05593462

040 ## - CATALOGING SOURCE

  • Original cataloging agency: DLC
  • Language of cataloging: spa
  • Description conventions: rda
  • Transcribing agency: Mx-PuUPA
  • Modifying agency: DLC
  • Modifying agency: CSt
  • Modifying agency: ICU
  • Modifying agency: Mx-PuUPA

100 1# - HEADING--PERSONAL NAME

  • Personal name: Reich, Rob

372 ## - FIELD OF ACTIVITY

  • Field of activity: Political science

373 ## - ASSOCIATED GROUP

  • Associated group: Stanford University

374 ## - OCCUPATION

  • Occupation: Assistant professor

375 ## - GENDER

  • Gender: hombre

377 ## - ASSOCIATED LANGUAGE

  • Language code: eng

400 1# - SEE FROM TRACING--PERSONAL NAME

  • Personal name: Reich, Robert

670 ## - SOURCE DATA FOUND

  • Source citation: Reich, Rob. Bridging liberalism and multiculturalism in American education, c2002:
  • Information found: CIP t.p. (Rob Reich) galley (assist. prof. of political science at Stanford Univ.)

670 ## - SOURCE DATA FOUND

  • Source citation: Toward a humanist justice, 2008:
  • Information found: ECIP t.p. (Robert Reich)

670 ## - SOURCE DATA FOUND

  • Source citation: Examining judicial divisiveness on the U.S. Supreme Court, 2011:
  • Information found: p. iii (Robert Reich)

670 ## - SOURCE DATA FOUND

  • Source citation: Stanford Univ. directory, searched July 29, 2011
  • Information found: (Rob Reich)

670 ## - SOURCE DATA FOUND

  • Source citation: Biblioteca del congreso (Estados Unidos), 07 noviembre 2018:
  • Information found: catálogo elctrónico
  • Uniform Resource Identifier: https://goo.gl/LZdiH6